NACLA: A 35 year restrospective /
שמור ב:
| מחבר ראשי: | |
|---|---|
| פורמט: | Texto |
| נושאים: | |
| תגים: |
הוספת תג
אין תגיות, היה/י הראשונ/ה לתייג את הרשומה!
|
MARC
| LEADER | 00000 a a2200000 04500 | ||
|---|---|---|---|
| 001 | 9976 | ||
| 003 | |||
| 040 | |||
| 100 | |a Rosen, Fred | ||
| 245 | |a NACLA: |b A 35 year restrospective / |c Fred Rosen | ||
| 650 | |a PUBLICACIONES PERIODICAS | ||
| 650 | |a MOVIMIENTOS SOCIALES | ||
| 650 | |a POLITICA EXTERIOR | ||
| 773 | |g volumen 36, número 3; páginas 12-13 | ||
| 999 | |c 28116 |d 28116 | ||
